书目信息 |
| 题名: |
大学生军事理论与训练教程
|
|
| 作者: | 肖占中 总主编 | |
| 分册: | ||
| 出版信息: | 长沙 国防科技大学出版社 2018.06 |
|
| 页数: | 309页 | |
| 开本: | 26cm | |
| 丛书名: | ||
| 单 册: | ||
| 中图分类: | E0 | |
| 科图分类: | ||
| 主题词: | 军事理论--jun shi li lun--高等学校--教材 , 军事训练--jun shi xun lian--高等学校--教材 , 军事理论--jun shi li lun , 军事训练--jun shi xun lian | |
| 电子资源: | ||
| ISBN: | 978-7-5673-0251-8 | |
| 000 | 00995nam0 2200277 450 | |
| 001 | 0105143331 | |
| 005 | 20201105165425.79 | |
| 010 | @a978-7-5673-0251-8@dCNY35.00 | |
| 100 | @a20141206d2018 em y0chiy50 ea | |
| 101 | 0 | @achi |
| 102 | @aCN@b430000 | |
| 105 | @ay z 000yy | |
| 106 | @ar | |
| 200 | 1 | @a大学生军事理论与训练教程@Ada xue sheng jun shi li lun yu xun lian jiao cheng@f肖占中总主编 |
| 205 | @a3版 | |
| 210 | @a长沙@c国防科技大学出版社@d2018.06 | |
| 215 | @a309页@c图@d26cm | |
| 330 | @a本书分为军事理论、军事技能编,内容包括:国防知识、军事思想、国际战略格局、非战争军事行动、条令教育与训练、轻武器射击、战术基础、地形基本知识、综合训练。 | |
| 606 | 0 | @a军事理论@Ajun shi li lun@x高等学校@j教材 |
| 606 | 0 | @a军事训练@Ajun shi xun lian@x高等学校@j教材 |
| 606 | 0 | @a军事理论@Ajun shi li lun |
| 606 | 0 | @a军事训练@Ajun shi xun lian |
| 690 | @aE0@v5 | |
| 701 | 0 | @a肖占中@Axiao zhan zhong@4总主编 |
| 801 | 0 | @aCN@bBJSZM@c20201105 |
| 905 | @b1262928-30@dE0@e28=3@f3 | |
| 大学生军事理论与训练教程/肖占中总主编.-3版.-长沙:国防科技大学出版社,2018.06 |
| 309页:图;26cm |
| ISBN 978-7-5673-0251-8:CNY35.00 |
| 本书分为军事理论、军事技能编,内容包括:国防知识、军事思想、国际战略格局、非战争军事行动、条令教育与训练、轻武器射击、战术基础、地形基本知识、综合训练。 |
| ● |
| 相关链接 |
|
|
|
|
正题名:大学生军事理论与训练教程
索取号:E0/28=3
 
预约/预借
| 序号 | 登录号 | 条形码 | 馆藏地/架位号 | 状态 | 备注 |
| 1 | 1262928 | 212629280 | 第一样本阅览室/ [索取号:E0/28=3] | 在馆 | |
| 2 | 1262929 | 212629299 | 第一借阅区/ [索取号:E0/28=3] | 在馆 | |
| 3 | 1262930 | 212629306 | 第一借阅区/ [索取号:E0/28=3] | 在馆 |